000 00935nmm a2200289 a 4500
001 ocm000570846
003 TR-IsHL
005 20201028122329.0
008 131028s2007 tu tur
007 cr cn
020 _a9789944425179
035 _a570846
_b(N$T)
050 0 4 _aPS3553.H4367
_bD8 2007
090 0 4 _aPS3553.H4367
_bD8 2007
100 1 _aChevalier, Tracy
245 1 0 _aDüşen melekler
_h[electronic resource] /
_cTracy Chevalier ; çev. Utku İlban Coşkunoğlu
250 _a6 bs.
260 _aİstanbul :
_bBilge Kültür Sanat,
_c2007
300 _a359 p.
650 4 _aDil ve Edebiyat
650 4 _aLanguage and Literature
650 0 _aAmerikan romanı
650 0 _aAmerican fiction
650 7 _aLITERARY COLLECTIONS / American / General
_2bisacsh
700 1 _aCoşkunoğlu, Utku İlban
856 4 0 _uhttp://search.ebscohost.com/login.aspx?direct=true&scope=site&db=e011xww&AN=570846
999 _c1809
_d1809